| 000 | 00376nam a22001337a 4500 | ||
|---|---|---|---|
| 003 | OSt | ||
| 008 | 250220b |||||||| |||| 00| 0 eng d | ||
| 041 | _aeng | ||
| 100 |
_aICID _91613 |
||
| 245 |
_aSixteenth International Congress on Irrigation and Drainage : _bVolume 1F General Report |
||
| 260 |
_aCairo, Egypt: _bICID, _c1996. |
||
| 700 |
_aConley, AH; ed. _97189 |
||
| 942 | _cBK | ||
| 999 |
_c19416 _d19416 |
||